| 000 | 00906 a2200301 4500 | ||
|---|---|---|---|
| 999 |
_c71349 _d19741 |
||
| 001 | 71349 | ||
| 003 | TR-AnTOB | ||
| 005 | 20190503130230.0 | ||
| 008 | 080725s2005 tu tur | ||
| 020 | _a9752975925 | ||
| 040 |
_aTR-AnTOB _cTR-AnTOB |
||
| 041 | _atur | ||
| 050 |
_aQA76.9.V35 _bL657 2005 |
||
| 090 | _aQA 76.9 .V35 L657 2005 | ||
| 100 |
_aLoney, Kevin _921507 |
||
| 245 | 0 |
_aHerkes için Oracle Database 10g / _cKevin Loney ; çev. Nalan Güven Küçükler, Koray Al, Mehmet Çömlekçi. |
|
| 264 | 1 |
_aİstanbul : _bAlfa, _c2005. |
|
| 300 |
_a1386 s. + _eCD ROM. |
||
| 490 | 0 |
_aAlfa yayınları ; _v1564 _aBilgisayar dizisi ; _v306 |
|
| 504 | _aDizin. | ||
| 590 | _aSayın Fahri Aydos tarafında bağışlanmıştır. | ||
| 630 |
_aOracle (Bilgisayar kütüğü) _946898 |
||
| 902 | _a0024739, CD00717 | ||
| 903 | _aMerkez Kütüphane | ||
| 942 |
_cBK _2lcc |
||
| 945 | _aMC 25.07.2008 | ||